| 000 | 02627 a2200433 4500 | ||
|---|---|---|---|
| 001 | 23862943 | ||
| 003 | 0000 | ||
| 005 | 20260317113025.0 | ||
| 008 | 240911s2025 pau b 001 0 eng | ||
| 010 | _a 2024042747 | ||
| 020 | _a9781975223809 | ||
| 035 | _a23862943 | ||
| 040 |
_aDNLM/DLC _beng _erda _cDLC _dDLC |
||
| 042 | _apcc | ||
| 050 | 0 | 0 | _aRT 81.5 .F53 |
| 082 | 0 | 0 |
_a610.73072 _223/eng/20241203 |
| 084 |
_aMED058200 _2bisacsh |
||
| 100 | 1 |
_aFlanagan, Jane, _cRN, _eauthor. |
|
| 245 | 1 | 0 |
_aPolit and Beck's nursing research : _bgenerating and assessing evidence for nursing practice / _cJane Flanagan, Cheryl Tatano Beck. |
| 246 | 1 | _aNursing research | |
| 250 | _a12th ed. | ||
| 263 | _a1111 | ||
| 264 | 1 |
_aPhiladelphia : _bWolters Kluwer, _c2025 |
|
| 300 | _axvii, 810p. ill. | ||
| 336 |
_atext _btxt _2rdacontent |
||
| 337 |
_aunmediated _bn _2rdamedia |
||
| 338 |
_avolume _bnc _2rdacarrier |
||
| 500 | _aPreceded by Nursing research / Denise F. Polit, Cheryl Tatano Beck. Eleventh edition. 2021. | ||
| 504 | _aIncludes bibliographical references and index. | ||
| 520 |
_a"From learning how to perform research to mastering the critical appraisal of research reports for use in practice, Polit & Beck's Nursing Research: Generating and Assessing Evidence for Nursing Practice, 12th Edition, emphasizes the critical role of research in today's changing healthcare field and empowers students to confidently utilize research capabilities to improve patient outcomes and enrich their professional careers. AJN award-winning title with the new edition authored by Jane Flanagan and Cheryl Beck detail the latest methodologic innovations that have arisen in nursing, medicine, and the social sciences in their signature user-friendly style, accompanied by the helpful learning features, pedagogy, and clean, approachable design that have made this resource the #1 nursing research textbook. Practical guidance clarifies abstract concepts into realistic strategies for applying research to practice, supported by ample evidence-based examples that reinforce understanding"-- _cProvided by publisher. |
||
| 650 | 1 | 2 |
_aNursing Research _xmethods |
| 650 | 7 |
_aMEDICAL / Nursing / Research & Theory _2bisacsh |
|
| 700 | 1 |
_aBeck, Cheryl Tatano, _eauthor. |
|
| 700 | 1 |
_iPreceded by (work): _aPolit, Denise F. _tNursing research. |
|
| 776 | 0 | 8 |
_iOnline version: _aFlanagan, Jane, RN. _tPolit & Beck's nursing research _bTwelfth edition. _dPhiladelphia : Wolters Kluwer, [2025] _z9781975223823 _w(DLC) 2024042748 |
| 906 |
_a0 _bvip _corignew _d1 _eecip _f20 _gy-gencatlg |
||
| 942 |
_2lcc _cBK |
||
| 999 |
_c44149 _d44149 |
||